Statistics for Divergent Series Test *SPOILERS*

Click here to take the quiz!

General Stats

  • This quiz has been taken 733 times
  • The average score is 26 of 35

Answer Stats

HintAnswer% Correct
^ BoyfriendTobias Eaton
100%
MCBeatrice Prior
99%
Boy who Commits SuicideAl
96%
MC's Best FriendChristina
96%
MC's BrotherCaleb Prior
95%
MC's Transferred FactionDauntless
94%
^ BoyfriendWill
94%
MC's Home FactionAbnegation
93%
Faction that Produces FoodAmity
93%
Best Friend's Home FactionCandor
92%
MC's Brother's Transferred FactionErudite
92%
When Aptitude is more than 1 FactionDivergent
91%
2nd BookInsurgent
89%
MC's Arch NemesisPeter
87%
Boy Stabbed with Butterknife and becomes FactionlessEdward
85%
3rd and Final BookAllegiant
84%
Aptitude Test AdministratorTori
81%
MC's Dauntless-Born Male FriendUriah
78%
Pierced Dauntless Instructor / LeaderEric
77%
MC's MomNatalie Prior
77%
MC's Boyfriend's FatherMarcus Eaton
76%
MC's DadAndrew Prior
74%
^ Sidekicks (Name One)Drew & Molly
74%
Author of Trilogy / Companion NovelVeronica Roth
69%
Erudite LeaderJeanine Matthews
68%
^ MotherEvelyn Johnson
61%
^ Girlfriend who Leaves with himMyra
56%
Actress of MCShailene Woodley
55%
Amity RepresentativeJohanna Reyes
53%
Prequel / Companion Novel (Coming 7/8/2014)Four: A Divergent Collection
47%
MC's MurdererDavid
41%
^ BrotherGeorge
39%
Organization outside FenceBureau
19%
Bad Part Outside FenceFringe
17%
Release Date of FilmMarch 21st, 2014
17%

Score Distribution

Percentile by Number Answered

Percent of People with Each Score

Your Score History

You have not taken this quiz